000 00257nam a2200097Ia 4500
008 220204s9999 xx 000 0 und d
082 _a003
_bLIB
245 0 _aLibrary of knowledge colour encylcopedia.9 V
260 _aLondon
_bAldus Jupiter
_c1968
942 _cBK
999 _c27687
_d27687